|
|
|
|
| LEADER |
00000nas a2200000 a 4500 |
| 001 |
ssj0001558 |
| 003 |
WaSeSS |
| 005 |
20200512172242.0 |
| 006 |
m d |
| 007 |
cr n |
| 008 |
991113c19489999caubx pss ov 0 a0eng c |
| 010 |
|
|
|a 2004236898
|
| 016 |
7 |
|
|a 2067054-0
|2 DE-600
|
| 022 |
|
|
|a 1939-8581
|l 0038-9765
|y 0038-9765
|
| 035 |
|
|
|a (WaSeSS)ssj0001558
|
| 037 |
|
|
|b Stanford Law School, Crown Quadrangle, Stanford, CA 94305-8610
|
| 040 |
|
|
|a UV$
|b eng
|e pn
|c UV$
|d OCLCQ
|d EYM
|d HUL
|d NSD
|d DOS
|d OCLCQ
|d OCLCO
|d OCLCQ
|d DLC
|d OCLCF
|d OCLCO
|d OCLCQ
|d DEBBG
|d Z5A
|d OCLCO
|d OCL
|d AU@
|d AUD
|d OCLCE
|d LVT
|d LND
|d J9U
|d CCT
|d UAB
|d WT2
|d SFB
|d CUS
|d OCLCO
|d VT2
|d OCLCQ
|d OCLCO
|d WaSeSS
|
| 042 |
|
|
|a pcc
|a nsdp
|a dlr
|
| 043 |
|
|
|a n-us-ca
|
| 050 |
1 |
4 |
|a K23
|b .T2165
|
| 060 |
1 |
0 |
|a W1
|b ST165
|
| 082 |
1 |
0 |
|a 347
|2 14
|
| 210 |
0 |
|
|a Stanford law rev.
|b (Online)
|
| 222 |
|
0 |
|a Stanford law review
|b (Online)
|
| 245 |
0 |
0 |
|a Stanford law review
|h [electronic resource].
|
| 246 |
1 |
3 |
|a Stan. L. Rev
|
| 260 |
|
|
|a Stanford, Calif. :
|b School of Law, Stanford University,
|c 1948-
|
| 310 |
|
|
|a Six no. a year,
|b 1964/1965-
|
| 321 |
|
|
|a Quarterly,
|b 1948-1963/1964
|
| 362 |
0 |
|
|a Vol. 1, no. 1 (Nov. 1948)-
|
| 500 |
|
|
|a Title from title screen (JSTOR, viewed Aug. 12, 2004).
|
| 506 |
|
|
|a License restrictions may limit access.
|
| 538 |
|
|
|a Master and use copy. Digital master created according to Benchmark for Faithful Digital Reproductions of Monographs and Serials, Version 1. Digital Library Federation, December 2002.
|u http://purl.oclc.org/DLF/benchrepro0212
|5 MiAaHDL
|
| 538 |
|
|
|a Mode of access: Word Wide Web.
|
| 583 |
1 |
|
|a digitized
|c 2017
|h HathiTrust Digital Library
|l committed to preserve
|2 pda
|5 MiAaHDL
|
| 588 |
1 |
|
|a Vol. 59, no. 6 (Apr. 2007) (viewed website Sept. 7, 2007).
|
| 650 |
|
0 |
|a Law reviews
|z California.
|
| 650 |
|
0 |
|a Law
|v Periodicals.
|
| 650 |
|
2 |
|a Jurisprudence.
|
| 650 |
|
6 |
|a Revues de droit
|z Californie.
|
| 650 |
|
7 |
|a Law.
|2 fast
|0 (OCoLC)fst00993678
|
| 650 |
|
7 |
|a Law reviews.
|2 fast
|0 (OCoLC)fst00994120
|
| 650 |
1 |
7 |
|a Recht.
|2 gtt
|
| 650 |
1 |
7 |
|a Stanford University.
|2 gtt
|
| 650 |
|
7 |
|a Law.
|2 galestne
|
| 651 |
|
7 |
|a California.
|2 fast
|0 (OCoLC)fst01204928
|
| 653 |
0 |
|
|a Law
|
| 655 |
|
0 |
|a Electronic journals.
|
| 710 |
2 |
|
|a Stanford University.
|b School of Law.
|
| 776 |
0 |
8 |
|i Print version:
|t Stanford law review
|x 0038-9765
|w (DLC) 52004133
|w (OCoLC)1779979
|
| 780 |
0 |
0 |
|t Stanford intramural law review
|x 2329-2318
|w (DLC) 2004255303
|w (OCoLC)52902060
|
| 856 |
4 |
0 |
|z Full text available from Research Library: 10/01/2005 to present
|u https://search.proquest.com/publication/36171
|